000 00336 a2200157 4500
001 176381
020 _a
040 _cMagnum
100 _aFittipaldi, Anina
240 1 0 _aMagia do texto/4 serie
_lpor
245 1 0 _aMagia do texto/4 serie
362 0 _a1899
440 1 _aModerna
697 _aMAGNITO: PARADIDATICO
942 _cBK
999 _c176381
_d176381